Menyamar

Bibliographic Details
Main Author: Muhammad bin Harun
Corporate Author: Title
Format: Book
Published: Selangor : Mika Canggih , 2005
Series:Siri penyiasatan tiga serangkai
Subjects:

MARC

LEADER 00000cam a2200000 7i4500
001 0000000590
005 20151222.0
008 070702
020 |a 9831862066(set) 
020 |a 9831862139 
090 0 0 |a JF   |b AD MAL (894) 
100 0 |a Muhammad bin Harun 
245 1 0 |a Menyamar   |c Muhammad bin Harun 
260 |a Selangor :   |b Mika Canggih ,   |c 2005 
440 |a Siri penyiasatan tiga serangkai 
500 |a Children ages 7-9 years old (orange) 
650 0 |a Adventure 
650 0 |a Junior fiction   |x Malay   |x Languages 
710 0 |a Title 
999 |a 0000959887   |b Book   |c Children Collection   |e Perbadanan Perpustakaan Awam Johor 
999 |a 0000959889   |b Book   |c Children Collection   |e Cawangan Pontian 
999 |a 0000960657   |b Book   |c Children Collection   |e Perbadanan Perpustakaan Awam Johor 
999 |a 0000960658   |b Book   |c Children Collection   |e Cawangan Sri Merlong 
999 |a 0001138650   |b Book   |c Children Collection   |e Cawangan Bandar Tenggara 
999 |a 0001145399   |b Book   |c Children Collection   |e Cawangan Mersing 
999 |a 0001151618   |b Book   |c Children Collection   |e Cawangan Mersing 
999 |a 0001151620   |b Book   |c Children Collection   |e Cawangan Taman Universiti 
999 |a 000905518   |b Book   |c Children Collection   |e Cawangan Bandar Tenggara 
999 |a 000905519   |b Book   |c Children Collection   |e Cawangan Bandar Tenggara 
999 |a 000905520   |b Book   |c Children Collection   |e Cawangan Bandar Tenggara 
999 |a 000905521   |b Book   |c Children Collection   |e Cawangan Bandar Tenggara